Statistieken voor Wie is het? #2 - Studio 100

Klik hier om de quiz te nemen!

Algemene statistieken

  • Deze quiz is 63 keer genomen
  • De gemiddelde score is 8 van 9

Antwoordstatistieken

Antwoord% Correct
Kabouter Plop
100%
Maya
100%
Mega Mindy
100%
Samson en Gert
100%
Rox
92%
Samson en Marie
92%
Wickie
90%
Baba Yega
69%
100% wolf
17%

Scoreverdeling

Percentiel versus Aantal Correcte Antwoorden

Procent van Mensen met Elke Score

Uw Scoregeschiedenis

U heeft deze quiz nog niet genomen